Wszystkie gminy nad Morzem Bałtyckim - Statystyki

Ogólne statystyki
  • Ten quiz został rozwiązany 60 razy
  • Średni wynik to 18 z 28
Statystyki odpowiedzi
powiat Odpowiedź % Poprawnych
miasto na prawach powiatu Gdańsk
94%
miasto na prawach powiatu Gdynia
94%
miasto na prawach powiatu Sopot
94%
kołobrzeski Kołobrzeg
92%
Miasto na prawach powiatu Świnoujście
92%
Hel
86%
słupski Ustka
86%
lęborski Łeba
82%
Puck
82%
Jastarnia
78%
Mielno
78%
Władysławowo
78%
sławieński Darłowo
76%
Krynica Morska
76%
kamieński Międzyzdroje
76%
Dziwnów
65%
gryficki Rewal
61%
nowodworski Stegna
59%
Ustronie Morskie
57%
Wolin
55%
Sztutowo
47%
pucki Krokowa
35%
Trzebiatów
35%
Postomino
33%
Kosakowo
31%
Smołdzino
24%
wejherowski Choczewo
22%
koszaliński Będzino
20%
Nie znaleziono quizów pasujących do podanych kryteriów
Rozkład punktacji
Procent ludzi z każdym wynikiem
Percentyl według liczby udzielonych odpowiedzi
Twoja historia wyników
Nie rozwiązałeś tego quizu